Suggestive outline Bible studies and Bible readings. (Record no. 3769)

000 -LEADER
fixed length control field 00571nam a2200181 a 4500
001 - CONTROL NUMBER
control field :::00001504$&:&@@
003 - CONTROL NUMBER IDENTIFIER
control field OkBaRHE
005 - DATE AND TIME OF LATEST TRANSACTION
control field 20000607103244.0
008 - FIXED-LENGTH DATA ELEMENTS--GENERAL INFORMATION
fixed length control field s1883 j 000 0 eng u
040 ## - CATALOGING SOURCE
Transcribing agency
100 1# - MAIN ENTRY--PERSONAL NAME
Personal name Elliott, John H.
245 10 - TITLE STATEMENT
Title Suggestive outline Bible studies and Bible readings.
260 ## - PUBLICATION, DISTRIBUTION, ETC. (IMPRINT)
Place of publication, distribution, etc Albany, NY., :
Name of publisher, distributor, etc D. R. Niver
Date of publication, distribution, etc c1883
300 ## - PHYSICAL DESCRIPTION
Extent 293 p. ;
Dimensions 21 cm.
650 ## - SUBJECT ADDED ENTRY--TOPICAL TERM
Topical term or geographic name as entry element Bible
General subdivision Study
-- Outlines, Syllabi, etc.
942 ## - ADDED ENTRY ELEMENTS (KOHA)
Source of classification or shelving scheme
Koha item type Books
Copies
Lost status Permanent Location Not for loan Withdrawn status Damaged status Copy number Date acquired Barcode Date last seen Price effective from Koha item type Source of classification or shelving scheme Full call number Shelving location
 RHEMA Bible Training College   12010-04-1415042018-03-122010-04-14Books BS 591 .E442General Stacks